00456nam a2200121 a 450000100100000000500170001000800410002704000250006811101060009324500650019926000430026430000270030700002745920200930030841.0110331s2014 dr a 000 spa d aDO-SdBNPbspacBNPHU 2aConferencia Modelo Dominicano de las Naciones Unidas en Nueva Yorkn21 al 25 de marzod2013cNew York 0aConferencia Modelo Dominicano de las Naciones Unidadas 2013. aSanto Domingo :, :bFUNGLODE,c[2014]. a56 p. :bil. ;c29 cm.